Sharing the Dragon's Teeth (Record no. 352537)
[ view plain ]
| 000 -LEADER | |
|---|---|
| fixed length control field | 00658nam a2200133Ia 4500 |
| 008 - FIXED-LENGTH DATA ELEMENTS--GENERAL INFORMATION | |
| fixed length control field | 171212s9999 xx 000 0 und d |
| 020 ## - INTERNATIONAL STANDARD BOOK NUMBER | |
| International Standard Book Number | 9780833039156 |
| 100 ## - MAIN ENTRY--PERSONAL NAME | |
| Personal name | Cragin, Kim;Chalk, Peter;Daly, Sara A.;Jackson, Brian A.;Peter Chalk, ;Sara A. Daly, ;Brian A. Jackson, |
| 245 ## - TITLE STATEMENT | |
| Statement of responsibility, etc | Cragin, Kim;Chalk, Peter;Daly, Sara A.;Jackson, Brian A.;Peter Chalk, ;Sara A. Daly, ;Brian A. Jackson, |
| Title | Sharing the Dragon's Teeth |
| Remainder of title | Terrorist Groups and the Exchange of New Technologies |
| 260 ## - PUBLICATION, DISTRIBUTION, ETC. (IMPRINT) | |
| Name of publisher, distributor, etc | RAND Corporation |
| Date of publication, distribution, etc | 2007 |
| 650 ## - SUBJECT ADDED ENTRY--TOPICAL TERM | |
| Topical term or geographic name as entry element | Political Science |
| 650 ## - SUBJECT ADDED ENTRY--TOPICAL TERM | |
| Topical term or geographic name as entry element | Terrorism; Terrorism -- Technological innovations |
| 856 ## - ELECTRONIC LOCATION AND ACCESS | |
| Uniform Resource Identifier | <a href="www.jstor.org/stable/10.7249/mg485dhs">www.jstor.org/stable/10.7249/mg485dhs</a> |
| Withdrawn status | Lost status | Damaged status | Home library | Current library | Date acquired | Total Checkouts | Full call number | Date last seen | Price effective from | Koha item type |
|---|---|---|---|---|---|---|---|---|---|---|
| College Library | College Library | 12/12/2017 | HV6431.S46655 2007 | 12/12/2017 | 12/12/2017 | Curriculum - Based eBooks |